Catálogo
 En Linea

Estado de flujos de efectivo declaración FASB No.95 :. (Registro nro. 46853)

Detalles MARC
000 -CABECERA
campo de control de longitud fija 00272nam a2200097 a 4500
005 - FECHA Y HORA DE LA ÚLTIMA TRANSACCIÓN
campo de control 20201002060512.0
008 - DATOS DE LONGITUD FIJA--INFORMACIÓN GENERAL
campo de control de longitud fija 180509s1993 000 spa d
040 ## - FUENTE DE LA CATALOGACIÓN
Centro catalogador/agencia de origen DO-SdBNP
245 #0 - MENCIÓN DE TÍTULO
Título Estado de flujos de efectivo declaración FASB No.95 :.
260 ## - PUBLICACIÓN, DISTRIBUCIÓN, ETC.
Lugar de publicación, distribución, etc. Santo Domingo,
Fecha de publicación, distribución, etc. 1993.

No hay ítems disponibles.

Con tecnología Koha